[Event "22nd ch-EUR Indiv 2022"]
[Site "Terme Catez SLO"]
[Date "2022.03.30"]
[Round "4.52"]
[White "Koelle, Tobias"]
[Black "Dragnev, Valentin"]
[Result "0-1"]
[WhiteTitle "FM"]
[BlackTitle "GM"]
[WhiteElo "2378"]
[BlackElo "2546"]
[WhiteFideId "16207378"]
[BlackFideId "1634852"]
[EventDate "2022.03.27"]

1. d4 Nf6 2. c4 g6 3. Nc3 d5 4. cxd5 Nxd5 5. e4 Nxc3 6. bxc3 Bg7 7. Be3 c5 8.
Nf3 Qa5 9. Qd2 Nc6 10. Rb1 a6 11. Rc1 cxd4 12. cxd4 Qxd2+ 13. Kxd2 e6 14. h4 O-O
15. Bd3 h6 16. e5 Rd8 17. h5 g5 18. Nxg5 Nxd4 19. Nf3 Nc6 20. Ke2 Nb4 21. Rhd1
Nxd3 22. Rxd3 Bd7 23. Bb6 Bb5 24. Bxd8 Rxd8 25. Rd1 Rd5 26. Ke3 Bxd3 27. Rxd3
Ra5 28. Rd8+ Bf8 29. g4 Kg7 30. Rd2 Ra4 31. Rc2 Rxg4 32. Nd2 Rg5 33. f4 Rxh5 34.
Ne4 Rh3+ 35. Kd4 Kg6 36. Nd6 Rg3 37. Rc8 Bg7 38. Rc7 Bf8 39. Rc8 Bg7 40. Rc7 h5
41. Rxf7 h4 42. Re7 h3 43. Rxe6+ Kh7 44. Ne4 Rg2 45. Nf6+ Bxf6 46. exf6 h2 47.
f7 h1=Q 48. f8=Q Rd2+ 49. Ke5 Rd5+ 50. Kf6 Qh4+ 51. Kf7 Rf5+ 52. Ke8 Rxf8+ 53.
Kd7 Qd8# 0-1

[Event "22nd ch-EUR Indiv 2022"]
[Site "Terme Catez SLO"]
[Date "2022.03.30"]
[Round "4.53"]
[White "Bilych, Olexiy"]
[Black "Teclaf, Pawel"]
[Result "0-1"]
[WhiteTitle "FM"]
[BlackTitle "IM"]
[WhiteElo "2342"]
[BlackElo "2542"]
[WhiteFideId "14156504"]
[BlackFideId "1185934"]
[EventDate "2022.03.27"]

1. e4 c5 2. Nf3 e6 3. d4 cxd4 4. Nxd4 a6 5. c4 Nf6 6. Nc3 Qc7 7. a3 b6 8. Be3
Bb7 9. f3 Be7 10. Be2 O-O 11. Qd2 d6 12. O-O Nbd7 13. Rac1 Rac8 14. b4 Rfe8 15.
Rfd1 h5 16. Bg5 Ne5 17. f4 Ned7 18. Bf3 Bf8 19. Kh1 Ba8 20. Rc2 Nh7 21. Bh4 g6
22. b5 a5 23. Bg3 Bh6 24. Qf2 h4 25. Bxh4 Bxf4 26. Nc6 Ne5 27. Be2 Nxc6 28. Nd5
exd5 29. cxd5 Rxe4 30. dxc6 Rce8 31. Bg3 Bxg3 32. hxg3 Kg7 33. Bf3 R4e5 34. a4
Ng5 35. Bd5 Ne6 36. Rc4 Nc5 37. Rf4 Rf8 38. Qd4 Qe7 39. Rdf1 f6 40. Ba2 Re1 41.
Bb1 Qe5 42. Kg1 Rxf1+ 43. Kxf1 Rh8 44. Qxe5 Rh1+ 45. Ke2 fxe5 46. Rf1 Rxf1 47.
Kxf1 Ne6 48. Ke2 Kf6 49. Ba2 Nc7 0-1

[Event "22nd ch-EUR Indiv 2022"]
[Site "Terme Catez SLO"]
[Date "2022.03.30"]
[Round "4.54"]
[White "Aizenberg, Benny"]
[Black "Gumularz, Szymon"]
[Result "1-0"]
[WhiteTitle "FM"]
[BlackTitle "GM"]
[WhiteElo "2297"]
[BlackElo "2539"]
[WhiteFideId "2821125"]
[BlackFideId "1188062"]
[EventDate "2022.03.27"]

1. e4 e5 2. Nf3 Nc6 3. Bb5 a6 4. Ba4 b5 5. Bb3 Na5 6. O-O d6 7. Re1 g5 8. d3 g4
9. Nfd2 h5 10. Nf1 Bg7 11. Nc3 Ne7 12. Bd2 Nxb3 13. axb3 Be6 14. Ne3 c6 15. Ne2
h4 16. d4 h3 17. g3 Bh6 18. dxe5 dxe5 19. Nc1 Qd4 20. Nd3 c5 21. Nf1 Bxd2 22.
Qxd2 c4 23. bxc4 bxc4 24. Nb4 Qxd2 25. Nxd2 O-O-O 26. Nf1 Kb7 27. Nxa6 Kb6 28.
Nb4 Ra8 29. Ne3 Kc5 30. c3 Rhd8 31. Kf1 Ng6 32. Ke2 Nf8 33. Red1 Rxa1 34. Rxa1
Nh7 35. Ra5+ Kd6 36. Ra6+ Kc5 37. Rc6+ Kb5 38. Nec2 Ng5 39. Na3+ Ka4 40. Ra6+
Kb3 41. Nc6 Rc8 42. Rb6+ Ka2 43. Kd1 Bd7 44. Nxe5 Ba4+ 45. Kc1 Rd8 46. Nc2 Nxe4
47. Nc6 1-0

[Event "22nd ch-EUR Indiv 2022"]
[Site "Terme Catez SLO"]
[Date "2022.03.30"]
[Round "4.55"]
[White "Kelires, Andreas"]
[Black "Bilovil, Bogdan"]
[Result "1-0"]
[WhiteTitle "GM"]
[WhiteElo "2536"]
[BlackElo "2272"]
[WhiteFideId "5900727"]
[BlackFideId "14168766"]
[EventDate "2022.03.27"]

1. d4 Nf6 2. Nf3 e6 3. c4 d5 4. Nc3 Be7 5. g3 O-O 6. Bg2 dxc4 7. Ne5 Nc6 8. Bxc6
bxc6 9. Nxc6 Qe8 10. Nxe7+ Qxe7 11. Qa4 Bb7 12. O-O e5 13. Qxc4 exd4 14. Qxd4
Ne4 15. Nxe4 Qxe4 16. Qxe4 Bxe4 17. Bf4 c6 18. f3 Bd5 19. e4 Be6 20. Rfc1 Rfc8
21. Rc5 a5 22. a4 Ra6 23. Be5 Kf8 24. Bc3 Rb8 25. Rd1 Bb3 26. Rd4 Be6 27. Kf2
Ke7 28. g4 Rb7 29. Ke3 g6 30. g5 Rba7 31. h4 Rb7 32. Rd2 Rd7 33. Rxa5 1-0

[Event "22nd ch-EUR Indiv 2022"]
[Site "Terme Catez SLO"]
[Date "2022.03.30"]
[Round "4.56"]
[White "Suleymanli, Aydin"]
[Black "Kochavi, Ori"]
[Result "1-0"]
[WhiteTitle "GM"]
[BlackTitle "FM"]
[WhiteElo "2525"]
[BlackElo "2253"]
[WhiteFideId "13413937"]
[BlackFideId "2816873"]
[EventDate "2022.03.27"]

1. d4 Nf6 2. c4 e6 3. Nc3 Bb4 4. Qc2 d5 5. a3 Bxc3+ 6. Qxc3 dxc4 7. Qxc4 b6 8.
Bg5 Ba6 9. Bxf6 Qxf6 10. Qa4+ c6 11. Nf3 O-O 12. e3 Bxf1 13. Rxf1 c5 14. Rc1 a6
15. Ke2 b5 16. Qc2 cxd4 17. Nxd4 Nd7 18. Rfd1 Nb6 19. b3 Rac8 20. Nc6 Kh8 21.
Qc3 Qg5 22. Kf1 Nd5 23. Qc5 Qh4 24. Kg1 h6 25. Qa7 Qh5 26. Qc5 Qh4 27. Qd6 Qh5
28. h3 Rfe8 29. b4 Qe2 30. Qd7 Nf6 31. Qd4 Rf8 32. Rd2 Qh5 33. Rc5 Qxc5 34. bxc5
Rxc6 35. g4 Rfc8 36. Rc2 R8c7 37. Qd8+ Kh7 38. Qd3+ Kg8 39. Kg2 Nd7 40. h4 Ne5
41. Qd8+ Kh7 42. g5 h5 43. a4 Nc4 44. axb5 axb5 45. Ra2 Rc8 46. Qd3+ g6 47. Ra7
Kg8 48. Qd7 Ne5 49. Qe7 Rxc5 50. f4 Rc2+ 51. Kg3 Rf8 52. fxe5 Rcc8 53. Qf6 Rc3
54. Rxf7 Rxe3+ 55. Kf4 Rxf7 56. Kxe3 Rxf6 57. exf6 e5 58. Ke4 b4 59. Kd3 Kf7 60.
Kc4 Ke6 61. Kxb4 Kd6 62. Kc4 Ke6 63. Kc5 Kf7 64. Kd5 Kf8 65. Kxe5 Kf7 66. Kd6
Kf8 67. f7 Kxf7 68. Kd7 Kf8 69. Ke6 Kg7 70. Ke7 Kh8 71. Kf7 Kh7 72. Kf6 1-0

[Event "22nd ch-EUR Indiv 2022"]
[Site "Terme Catez SLO"]
[Date "2022.03.30"]
[Round "4.57"]
[White "Laptii, Nazar"]
[Black "Valsecchi, Alessio"]
[Result "1/2-1/2"]
[BlackTitle "GM"]
[WhiteElo "2180"]
[BlackElo "2524"]
[WhiteFideId "14174332"]
[BlackFideId "818860"]
[EventDate "2022.03.27"]

1. e4 e5 2. Nf3 Nc6 3. Bc4 Nf6 4. d3 h6 5. c3 d6 6. Nbd2 g6 7. h3 Bg7 8. Qe2 O-O
9. g4 d5 10. Bb3 Be6 11. Nf1 dxe4 12. dxe4 Bxb3 13. axb3 Nd7 14. Be3 Qe7 15. h4
Qe6 16. N3d2 Rfd8 17. h5 g5 18. f3 Bf8 19. b4 Nb6 20. Ng3 a5 21. b5 Nb8 22. Nf5
N8d7 23. Qf2 a4 24. O-O Nc4 25. Nxc4 Qxc4 26. Rfd1 Nc5 27. Qf1 Qb3 28. Bxc5
Bxc5+ 29. Kh1 Kh7 30. Rab1 Qc2 31. Rdc1 Qd3 32. Qxd3 Rxd3 33. Rd1 Rad8 34. Rxd3
Rxd3 35. Kg2 Be3 36. Ra1 Rd2+ 37. Kh1 Bc5 38. Rxa4 Rxb2 39. c4 Rc2 40. Ra8 Rxc4
41. Rd8 Rc1+ 42. Kg2 Rc2+ 43. Kf1 Rf2+ 44. Ke1 Rxf3 45. Rd7 Rf4 46. Rxf7+ Kh8
47. Nxh6 Rxe4+ 48. Kd1 Rd4+ 49. Ke2 Bd6 50. Rd7 Re4+ 51. Kf3 Rf4+ 52. Ke3 Bc5+
53. Ke2 Bb6 54. Nf5 e4 55. Rd8+ Kh7 56. Rd7+ Kh8 57. Rd8+ Kh7 58. Rd7+ Kh8 1/2-1/2

[Event "22nd ch-EUR Indiv 2022"]
[Site "Terme Catez SLO"]
[Date "2022.03.30"]
[Round "4.58"]
[White "Katkov, Michelle"]
[Black "Stefansson, Hannes"]
[Result "0-1"]
[WhiteTitle "WFM"]
[BlackTitle "GM"]
[WhiteElo "2149"]
[BlackElo "2520"]
[WhiteFideId "2816393"]
[BlackFideId "2300087"]
[EventDate "2022.03.27"]

1. e4 c5 2. c3 Nf6 3. e5 Nd5 4. d4 cxd4 5. cxd4 d6 6. Nf3 Nc6 7. Bc4 dxe5 8.
dxe5 Be6 9. O-O g6 10. Ng5 Bg7 11. Qb3 Qd7 12. Nxe6 fxe6 13. Qh3 Nxe5 14. Bb3
O-O 15. Nc3 Rf5 16. Nxd5 exd5 17. f4 Nc4 18. Bc2 Rc8 19. Bxf5 gxf5 20. Rb1 Qe6
21. b3 Qe4 22. bxc4 Qxb1 23. Be3 Qe4 24. Bxa7 dxc4 25. Qg3 Qd5 26. Qg5 e6 27.
Qh5 c3 28. Rd1 Qxa2 29. Be3 c2 0-1

[Event "22nd ch-EUR Indiv 2022"]
[Site "Terme Catez SLO"]
[Date "2022.03.30"]
[Round "4.59"]
[White "Goroshkov, Maksym"]
[Black "Sivuk, Vitaly"]
[Result "1-0"]
[BlackTitle "GM"]
[WhiteElo "2111"]
[BlackElo "2518"]
[WhiteFideId "14142716"]
[BlackFideId "14116502"]
[EventDate "2022.03.27"]

1. d4 Nf6 2. c4 e6 3. Nf3 d5 4. g3 Bb4+ 5. Bd2 Be7 6. Bg2 c6 7. Qc2 O-O 8. O-O
a5 9. Rd1 b6 10. b3 Ba6 11. e3 Nbd7 12. Bc3 Rc8 13. Nbd2 c5 14. Ne5 cxd4 15.
exd4 b5 16. Nxd7 Nxd7 17. c5 e5 18. b4 axb4 19. Bxb4 e4 20. f3 f5 21. Qb3 Kh8
22. Qxd5 e3 23. Nb3 f4 24. Rac1 Qe8 25. Qe6 Rf6 26. Qe4 fxg3 27. hxg3 Rg6 28. d5
Rxg3 29. d6 Bb7 30. Qxb7 Qg6 31. f4 Rb8 32. Qc6 Bh4 33. Be1 Nf6 34. d7 Rd8 35.
Bxg3 Bxg3 36. Qc7 Rg8 37. d8=Q Qh6 38. Rc2 Bh2+ 39. Kf1 Bxf4 40. Qf7 Bg5 41. c6
Bh4 42. Qdxg8+ Nxg8 43. c7 Bf6 44. Qxg8+ Kxg8 45. Bd5+ Kf8 46. c8=Q+ 1-0

[Event "22nd ch-EUR Indiv 2022"]
[Site "Terme Catez SLO"]
[Date "2022.03.30"]
[Round "4.60"]
[White "Gavrilescu, David"]
[Black "Greicius, Pijus"]
[Result "1-0"]
[WhiteTitle "IM"]
[WhiteElo "2512"]
[BlackElo "2100"]
[WhiteFideId "1227190"]
[BlackFideId "12819093"]
[EventDate "2022.03.27"]

1. e4 c5 2. Nf3 d6 3. d4 cxd4 4. Nxd4 Nf6 5. Nc3 e6 6. g4 h6 7. Rg1 Nc6 8. h4 d5
9. exd5 Nxd5 10. Nxd5 exd5 11. Be3 Be7 12. g5 hxg5 13. hxg5 Rh4 14. Qd2 Ne5 15.
O-O-O Bg4 16. Bb5+ Kf8 17. Rh1 Bxd1 18. Rxh4 Ng6 19. Rh1 Bg4 20. Bd3 Kg8 21. f3
Bd7 22. f4 Bd6 23. Nf5 Bxf5 24. Bxf5 d4 25. Bxg6 dxe3 26. Qd5 Qe7 27. Rh8+ 1-0

[Event "22nd ch-EUR Indiv 2022"]
[Site "Terme Catez SLO"]
[Date "2022.03.30"]
[Round "4.61"]
[White "Kobo, Ori"]
[Black "Easwaralingam, Adesh"]
[Result "1/2-1/2"]
[WhiteTitle "GM"]
[WhiteElo "2510"]
[BlackElo "2069"]
[WhiteFideId "2812320"]
[BlackFideId "1448552"]
[EventDate "2022.03.27"]

1. d4 Nf6 2. c4 e6 3. Nc3 Bb4 4. e3 O-O 5. Bd3 d5 6. a3 Bxc3+ 7. bxc3 dxc4 8.
Bxc4 c5 9. Ne2 Qc7 10. Ba2 b6 11. O-O Ba6 12. Bb2 Nc6 13. Rc1 Na5 14. c4 cxd4
15. Qxd4 Rfd8 16. Qh4 e5 17. f4 Qc5 18. fxe5 Qxe3+ 19. Qf2 Qxf2+ 20. Rxf2 Ng4
21. Rf4 Rd2 22. Rxg4 Rxb2 23. Nc3 Rd8 24. c5 bxc5 25. e6 fxe6 26. Bxe6+ Kh8 27.
Na4 Nb3 28. Bxb3 Rxb3 29. Nxc5 Rxa3 30. Re1 Bb5 31. Rge4 h6 32. Ne6 1/2-1/2

[Event "22nd ch-EUR Indiv 2022"]
[Site "Terme Catez SLO"]
[Date "2022.03.30"]
[Round "4.62"]
[White "Hovhannisyan, Robert"]
[Black "Valiyev, Shahin"]
[Result "1-0"]
[WhiteTitle "GM"]
[WhiteElo "2643"]
[BlackElo "1961"]
[WhiteFideId "13302507"]
[BlackFideId "13424203"]
[EventDate "2022.03.27"]

1. e4 c5 2. Nf3 d6 3. d4 cxd4 4. Nxd4 Nf6 5. Nc3 a6 6. Be3 e5 7. Nb3 Be7 8. Be2
Be6 9. O-O O-O 10. Qd3 Nc6 11. a3 Rc8 12. Rfd1 b5 13. h3 h6 14. Nd5 Bxd5 15.
exd5 Na5 16. Nxa5 Qxa5 17. c3 Qa4 18. Rac1 Qb3 19. Qc2 Qxc2 20. Rxc2 Rb8 21. b4
Bd8 22. c4 bxc4 23. Bxc4 a5 24. b5 Bb6 25. Be2 Bxe3 26. fxe3 Rb6 27. Rc7 Ne4 28.
Rdc1 Nc5 29. Ra7 a4 30. Kf2 Rfb8 31. Rxc5 dxc5 32. Rxa4 Kf8 33. Ra5 Ke7 34. e4
Kd6 35. Ke3 g6 36. Bc4 f5 37. a4 R8b7 38. Ra8 Rb8 39. Ra7 R8b7 40. Ra5 Rb8 41.
Kd3 f4 42. Kc3 Kc7 43. Be2 Kb7 44. Bg4 Rd8 45. h4 g5 46. h5 Rdd6 47. Kc4 Kb8 48.
Bf3 Kb7 49. Be2 Rd8 50. Bg4 Rdd6 51. Kxc5 Kb8 52. Be2 Kb7 53. Ra6 Rxa6 54. bxa6+
Kc7 55. Bb5 Rd8 56. Bc6 Rc8 57. a7 g4 58. d6+ Kd8 59. d7 1-0

[Event "22nd ch-EUR Indiv 2022"]
[Site "Terme Catez SLO"]
[Date "2022.03.30"]
[Round "4.63"]
[White "Lutsko, Artem"]
[Black "Korobov, Anton"]
[Result "0-1"]
[BlackTitle "GM"]
[WhiteElo "2390"]
[BlackElo "2695"]
[WhiteFideId "14188767"]
[BlackFideId "14105730"]
[EventDate "2022.03.27"]

1. d4 Nf6 2. c4 e6 3. g3 Bb4+ 4. Bd2 c5 5. Bg2 O-O 6. d5 exd5 7. cxd5 d6 8. Nc3
Re8 9. Nf3 Bg4 10. O-O Nbd7 11. a3 Bxc3 12. Bxc3 Nb6 13. h3 Bh5 14. Bxf6 Qxf6
15. Qd2 Nc4 16. Qc2 b5 17. b3 Bg6 18. Qd1 Nb6 19. Qd2 a5 20. a4 b4 21. Rfe1 c4
22. bxc4 Nxc4 23. Qd4 Na3 24. Qxf6 gxf6 25. Nd4 Nc2 26. Nxc2 Bxc2 27. Ra2 Bb3
28. Raa1 Rac8 29. e4 Bc2 30. Ra2 Rc4 31. Rea1 b3 32. Rb2 Rb8 0-1

[Event "22nd ch-EUR Indiv 2022"]
[Site "Terme Catez SLO"]
[Date "2022.03.30"]
[Round "4.64"]
[White "Fridman, Daniel"]
[Black "Roseneck, Jonas"]
[Result "1/2-1/2"]
[WhiteTitle "GM"]
[BlackTitle "FM"]
[WhiteElo "2628"]
[BlackElo "2376"]
[WhiteFideId "11600454"]
[BlackFideId "12939870"]
[EventDate "2022.03.27"]

1. Nf3 Nf6 2. g3 d5 3. Bg2 c5 4. O-O Nc6 5. d4 e6 6. c4 dxc4 7. dxc5 Qxd1 8.
Rxd1 Bxc5 9. Nbd2 c3 10. bxc3 O-O 11. Nb3 Be7 12. Nfd4 Nxd4 13. cxd4 Nd5 14. Bb2 1/2-1/2

[Event "22nd ch-EUR Indiv 2022"]
[Site "Terme Catez SLO"]
[Date "2022.03.30"]
[Round "4.65"]
[White "Bernadskiy, Vitaliy"]
[Black "Samadov, Read"]
[Result "1-0"]
[WhiteTitle "GM"]
[BlackTitle "FM"]
[WhiteElo "2606"]
[BlackElo "2375"]
[WhiteFideId "14100371"]
[BlackFideId "13417444"]
[EventDate "2022.03.27"]

1. e4 c5 2. Nf3 d6 3. Bb5+ Nd7 4. O-O a6 5. Bd3 Ngf6 6. c3 b5 7. a4 c4 8. Be2
Bb7 9. axb5 axb5 10. Rxa8 Bxa8 11. Na3 Bxe4 12. Nxb5 d5 13. d3 cxd3 14. Bxd3
Bxd3 15. Qxd3 e5 16. Qe2 e4 17. Bf4 Bc5 18. Nc7+ Kf8 19. Ng5 Qe7 20. Ra1 g6 21.
Qd2 h6 22. Nh3 g5 23. Bxg5 Qe5 24. Bxh6+ Ke7 25. Bf4 Qf5 26. b4 Bb6 27. Nb5 Rg8
28. Bd6+ Ke6 29. Nf4+ 1-0

[Event "22nd ch-EUR Indiv 2022"]
[Site "Terme Catez SLO"]
[Date "2022.03.30"]
[Round "4.66"]
[White "Moiseenko, Alexander"]
[Black "Risteski, Emil"]
[Result "1/2-1/2"]
[WhiteTitle "GM"]
[BlackTitle "FM"]
[WhiteElo "2602"]
[BlackElo "2374"]
[WhiteFideId "14102560"]
[BlackFideId "15005267"]
[EventDate "2022.03.27"]

1. d4 Nf6 2. c4 g6 3. Nc3 Bg7 4. Nf3 O-O 5. Bg5 c5 6. d5 h6 7. Bh4 d6 8. e3 g5
9. Bg3 Nh5 10. Qc2 e6 11. Be2 exd5 12. Nxd5 Nxg3 13. hxg3 Be6 14. Rd1 Nc6 15. a3
Re8 16. O-O Bxd5 17. Rxd5 Qf6 18. Rd2 Rad8 19. Rfd1 h5 20. Rd5 Bh6 21. Nh2 Ne7
22. Bxh5 Nxd5 23. Ng4 Qg7 24. Rxd5 Re6 25. Qf5 Rf8 26. Nxh6+ Qxh6 27. Qxg5+ Qxg5
28. Rxg5+ Kh7 29. Bf3 Re5 30. Rg4 Rb8 31. a4 a6 32. Rf4 f5 33. g4 fxg4 34. Rxg4
b5 35. axb5 axb5 36. b3 bxc4 37. bxc4 Rb4 38. g3 Rb2 39. Bd5 Re7 40. e4 Ra7 41.
Kg2 Raa2 42. Rf4 Kg6 43. Rf5 Re2 44. g4 Ra3 45. g5 Rb3 46. Bf7+ Kg7 47. Rf4 Rbe3
48. Bd5 Kg6 49. Rf6+ Kxg5 50. Rxd6 Kf4 51. Rf6+ Ke5 1/2-1/2

[Event "22nd ch-EUR Indiv 2022"]
[Site "Terme Catez SLO"]
[Date "2022.03.30"]
[Round "4.67"]
[White "Juksta, Karolis"]
[Black "Santos Ruiz, Miguel"]
[Result "1/2-1/2"]
[WhiteTitle "FM"]
[BlackTitle "GM"]
[WhiteElo "2378"]
[BlackElo "2597"]
[WhiteFideId "12809039"]
[BlackFideId "22291482"]
[EventDate "2022.03.27"]

1. d4 Nf6 2. c4 e6 3. Nc3 d5 4. cxd5 exd5 5. Bg5 Bb4 6. e3 h6 7. Bxf6 Qxf6 8. a3
Bxc3+ 9. bxc3 O-O 10. Bd3 c5 11. Ne2 c4 12. Bc2 Bf5 13. O-O Bxc2 1/2-1/2

[Event "22nd ch-EUR Indiv 2022"]
[Site "Terme Catez SLO"]
[Date "2022.03.30"]
[Round "4.68"]
[White "Wachinger, Nikolas"]
[Black "Thybo, Jesper Sondergaard"]
[Result "1-0"]
[BlackTitle "GM"]
[WhiteElo "2376"]
[BlackElo "2590"]
[WhiteFideId "12962791"]
[BlackFideId "1438832"]
[EventDate "2022.03.27"]

1. e4 e5 2. Nf3 Nc6 3. Bb5 Nge7 4. Nc3 Ng6 5. d4 Nxd4 6. Nxd4 exd4 7. Qxd4 c6 8.
Be2 Qb6 9. Qd3 Be7 10. O-O O-O 11. a4 d6 12. Be3 Qd8 13. Bh5 Ne5 14. Qe2 Be6 15.
b3 f5 16. f4 Nf7 17. Rad1 Qa5 18. Bd4 Rae8 19. Qd3 g6 20. Qg3 Nh8 21. Bf3 Nf7
22. Bh5 Nh8 23. Bf3 Qd8 24. e5 dxe5 25. Bxe5 Qa5 26. Ne2 Nf7 27. Ba1 Rd8 28. Nd4
Bc8 29. h4 Bf6 30. Nxc6 Qb6+ 31. Qf2 Rxd1 32. Rxd1 Bxh4 33. g3 bxc6 34. Qxb6
axb6 35. gxh4 Rd8 36. Rxd8+ Nxd8 37. Bf6 Ne6 38. Bxc6 Nxf4 39. Kf2 Be6 40. Bd4
Nd5 41. c4 Ne7 42. Bb7 Nc8 43. Bxc8 Bxc8 44. Bxb6 Kf7 45. Be3 f4 46. Bxf4 Bf5
47. a5 Bc2 48. a6 Ke6 49. Ke3 1-0

[Event "22nd ch-EUR Indiv 2022"]
[Site "Terme Catez SLO"]
[Date "2022.03.30"]
[Round "4.69"]
[White "Stevic, Hrvoje"]
[Black "Samunenkov, Ihor"]
[Result "1/2-1/2"]
[WhiteTitle "GM"]
[BlackTitle "FM"]
[WhiteElo "2587"]
[BlackElo "2372"]
[WhiteFideId "14502569"]
[BlackFideId "14187086"]
[EventDate "2022.03.27"]

1. e4 c6 2. Nf3 d5 3. d3 Qc7 4. exd5 cxd5 5. c4 Nf6 6. Nc3 e6 7. a3 a6 8. g3 Nc6
9. Bg2 d4 10. Ne2 e5 11. b4 Be7 12. O-O O-O 13. h3 Rd8 14. g4 b5 15. Ng3 Bb7 16.
Re1 Re8 17. Bd2 Bd6 18. Qb3 bxc4 19. Qxc4 Rac8 20. b5 axb5 21. Qxb5 Na7 22. Qa5
Qxa5 23. Bxa5 Nc6 24. Bd2 Ba6 25. Rec1 Nd7 26. Ne1 Ne7 27. Ne4 Bb8 28. Bb4 Nd5
29. Nd6 Bxd6 30. Bxd5 Nc5 31. Rc2 e4 32. Bxe4 Nxe4 33. Rxc8 Rxc8 34. dxe4 Bf4
35. Rd1 Rc4 36. Nd3 Bc7 37. f3 Bb5 38. Rc1 Rxc1+ 39. Nxc1 Bf4 40. Nb3 Be3+ 41.
Kg2 Ba4 42. Nd2 Bxd2 43. Bxd2 f6 44. Bc1 Kf7 45. Bb2 d3 46. Bc3 g5 47. Kf2 Ke6
48. Ke3 Bc2 49. f4 gxf4+ 50. Kxf4 Ba4 51. Ke3 Bc2 52. Kd4 Kd6 53. Bd2 Ke6 54.
Bf4 Kd7 55. Kd5 Bb3+ 56. Kc5 Bc2 57. Bd2 Ke6 58. Kb4 Ke5 59. a4 Kxe4 60. a5 Kd4
61. a6 Bd1 62. a7 Bf3 63. Kb5 Ba8 64. h4 Ke4 65. Kc4 Kf3 66. g5 fxg5 67. Bxg5
Ke2 68. Kc3 h5 69. Bh6 Bb7 70. Bg5 Ba8 1/2-1/2

[Event "22nd ch-EUR Indiv 2022"]
[Site "Terme Catez SLO"]
[Date "2022.03.30"]
[Round "4.70"]
[White "Asadli, Vugar"]
[Black "Kalogeris, Ioannis"]
[Result "1-0"]
[WhiteTitle "GM"]
[BlackTitle "FM"]
[WhiteElo "2579"]
[BlackElo "2368"]
[WhiteFideId "13405764"]
[BlackFideId "4239563"]
[EventDate "2022.03.27"]

1. d4 d5 2. Nf3 Nf6 3. c3 b6 4. Bf4 e6 5. e3 Bd6 6. Nbd2 O-O 7. Ne5 Nfd7 8. Bd3
Bxe5 9. dxe5 Nc5 10. Bc2 Ba6 11. Nf3 Ne4 12. h4 h6 13. g4 Nd7 14. g5 h5 15. Nd4
g6 16. f3 Ndc5 17. Nb3 Na4 18. fxe4 Nxb2 19. Qd2 Nc4 20. Qg2 Nb2 21. exd5 exd5
22. Bxg6 fxg6 23. Qxb2 c5 24. O-O-O Qd7 25. Qc2 Qc6 26. Rh2 Kh7 27. Rf2 Rf5 28.
e4 dxe4 29. Rd6 Qa4 30. Nd2 1-0

[Event "22nd ch-EUR Indiv 2022"]
[Site "Terme Catez SLO"]
[Date "2022.03.30"]
[Round "4.71"]
[White "Lenaerts, Lennert"]
[Black "Papp, Gabor1"]
[Result "0-1"]
[WhiteTitle "FM"]
[BlackTitle "GM"]
[WhiteElo "2361"]
[BlackElo "2574"]
[WhiteFideId "211435"]
[BlackFideId "718602"]
[EventDate "2022.03.27"]

1. d4 Nf6 2. c4 e6 3. Nc3 Bb4 4. Qc2 O-O 5. a3 Bxc3+ 6. Qxc3 b6 7. Bg5 Bb7 8. f3
h6 9. Bh4 d5 10. e3 c5 11. dxc5 Nbd7 12. cxd5 g5 13. Bf2 Nxd5 14. Qd2 Nxc5 15.
Rd1 Qf6 16. Bc4 Rfd8 17. Qe2 Nc3 18. Rxd8+ Rxd8 19. bxc3 Qxc3+ 20. Kf1 Qc1+ 21.
Be1 Na4 22. Bb3 Nc3 23. Qc2 Ba6+ 24. Ne2 Nxe2 25. Kf2 Rc8 26. Qd2 Qxa3 27. Bd1
Nc3 28. Bc2 Qc5 29. h4 Nd5 30. Be4 Nf6 31. hxg5 Nxe4+ 32. fxe4 hxg5 33. Kf3 Bb7
34. Qb2 Bxe4+ 35. Kg4 Bf5+ 36. Kxg5 Bg6+ 37. Kf6 Qf5+ 38. Ke7 Qg5+ 39. Kd7 Qd8# 0-1

[Event "22nd ch-EUR Indiv 2022"]
[Site "Terme Catez SLO"]
[Date "2022.03.30"]
[Round "4.72"]
[White "Gaal, Zsoka"]
[Black "David, Alberto"]
[Result "1/2-1/2"]
[WhiteTitle "WIM"]
[BlackTitle "GM"]
[WhiteElo "2336"]
[BlackElo "2545"]
[WhiteFideId "777765"]
[BlackFideId "4000013"]
[EventDate "2022.03.27"]

1. d4 e6 2. Nf3 c5 3. g3 Nf6 4. Bg2 cxd4 5. Nxd4 d5 6. O-O Nc6 7. c4 Qb6 8. Nxc6
bxc6 9. Qc2 Be7 10. b3 O-O 11. Bb2 Qb8 12. Nd2 e5 13. Rac1 Bd6 14. Rfd1 Bg4 15.
cxd5 cxd5 16. Nc4 Be6 17. Nxd6 Qxd6 18. Qc3 Qa6 19. Qxe5 Qxa2 20. Rd3 Rac8 21.
Rxc8 Rxc8 22. Bxd5 Bxd5 23. Rxd5 Qxb3 24. Rb5 Qd1+ 25. Kg2 Qd7 26. Rb8 h6 27.
Bd4 a6 28. h3 Qc6+ 29. Kh2 Rxb8 30. Qxb8+ Kh7 31. Qb1+ Qe4 32. Qb2 Qf5 33. Qa1
Ne4 34. Kg2 Ng5 35. h4 Qe4+ 36. Kh2 Ne6 37. Be3 Qc6 38. Qb1+ Kg8 39. Qb8+ Kh7
40. Qb1+ Kg8 1/2-1/2

[Event "22nd ch-EUR Indiv 2022"]
[Site "Terme Catez SLO"]
[Date "2022.03.30"]
[Round "4.73"]
[White "Blomqvist, Erik"]
[Black "Richter, Nils"]
[Result "1-0"]
[WhiteTitle "GM"]
[BlackTitle "FM"]
[WhiteElo "2542"]
[BlackElo "2365"]
[WhiteFideId "1709437"]
[BlackFideId "12990809"]
[EventDate "2022.03.27"]

1. Nf3 d5 2. g3 Nf6 3. Bg2 e6 4. O-O Be7 5. d3 O-O 6. Nbd2 c5 7. e4 Nc6 8. Re1
Qc7 9. e5 Nd7 10. Qe2 b5 11. Nf1 Bb7 12. Bf4 Rfc8 13. h4 a5 14. h5 h6 15. Qd2
Nf8 16. c3 Nh7 17. Rac1 Qd8 18. N1h2 a4 19. Ng4 b4 20. c4 dxc4 21. dxc4 Nd4 22.
Nxd4 Bxg2 23. Kxg2 cxd4 24. Re4 Bc5 25. Bxh6 gxh6 26. Nxh6+ Kf8 27. Rg4 Ke8 28.
Rg7 Nf8 29. Ng4 Kd7 30. Qf4 Kc6 31. Rxf7 Ra7 32. Rxa7 Bxa7 33. Nf6 Bc5 34. Rd1
Nd7 35. g4 Kb6 36. g5 Qc7 37. Qe4 Qc6 38. Qxc6+ Kxc6 39. f4 b3 40. axb3 axb3 41.
Kf3 Nb6 42. g6 Bf8 43. Rxd4 Kc5 44. Ke4 Kb4 45. Nd7 Nxd7 46. Rxd7 Bh6 47. Rb7+
Ka4 48. Kd4 Bxf4 49. c5 Ka5 50. Rxb3 Rh8 51. Kc4 Ka6 52. Rh3 Bxe5 53. b4 Bg7 54.
Rf3 Bh6 55. Rf7 Ra8 56. Re7 Rb8 57. Rxe6+ Ka7 58. b5 Rf8 59. Re7+ Kb8 60. b6 Rf5
61. Kb5 Bf8 62. Re8+ Kb7 63. Rxf8 Rxc5+ 64. Kxc5 1-0